| 000 | 00855cam a22002054a 4500 | ||
|---|---|---|---|
| 005 | 20250605164230.0 | ||
| 008 | 250528s ||||||||||||||||||||||||d | ||
| 035 | _a20955 | ||
| 020 | _a9781491933091 | ||
| 040 |
_aGR-AtMCL _bgre _dGR-AtMCL _eAACR2 |
||
| 245 | 1 | _aPHP Web Services / APIs for the Modern Web | |
| 250 | _a2nd | ||
| 260 |
_bO'Reilly Media, _c2016 |
||
| 300 | _a170 | ||
| 520 | _aThis book includes new tools and features that reflect PHD updates and changes on the web. HTTP, HTTP Verbs, Headers, Cookies, JSON, XML, PPC and SOAP Services, REST, Webbooks, HTTP Tools, Maintainable Web Services, Making Service Design Decisions, Building a Robust Service, Publishing Your API, A Guide to Common Status Codes, Common HTTP Headers, Index. | ||
| 700 | 1 |
_aMitchell Lorna Jane _96947 |
|
| 942 | _cBK | ||
| 999 |
_c6032 _d6032 |
||